La evaluación cualitativa: introducción a los métodos cualitativos

I tiakina i:
Ngā taipitopito rārangi puna kōrero
Kaituhi matua: Shaw, Ian F (Author)
Hōputu: Pukapuka
Reo:Pāniora
I whakaputaina: Barcelona Paidós 2003
Putanga:1a. ed
Rangatū:Paidós Básica, 118
Ngā marau:
Ngā Tūtohu: Tāpirihia he Tūtohu
Kāore He Tūtohu, Me noho koe te mea tuatahi ki te tūtohu i tēnei pūkete!

MARC

LEADER 00000nam a2200000 a 4500
001 UCK2433
003 CL-VaPUC
008 050113e20030000SP |||||||||||||||||spa|d
020 |a 8449314267 
082 0 4 |a 001.42  |b SHA  |2 21 
100 0 |a Shaw, Ian F  |e author  |9 490252 
245 1 3 |a La evaluación cualitativa: introducción a los métodos cualitativos 
250 |a 1a. ed 
300 |a 315 p 
942 |c BK 
945 |d 20050113 00:00:00  |a vberengu 
260 |a Barcelona  |b Paidós  |c 2003 
650 0 |a Métodos de investigación   |9 262618 
583 |a last modification  |c 20160912 01:33:03  |k Rodrigo Vera 
490 0 |a Paidós Básica, 118 
999 |c 311949  |d 311947 
952 |0 0  |1 0  |4 0  |6 001_420000000000000_SHA_2003  |7 0  |8 A  |9 381690  |a BIBEDU  |b BIBEDU  |d 2019-11-21  |i 4093720  |o 001.42 SHA 2003  |p 4093720  |r 2019-11-21  |w 2019-11-21  |y BK  |k PAR 
952 |0 0  |1 0  |4 0  |6 001_420000000000000_SHA_2003  |7 0  |8 A  |9 381691  |a BIBEDU  |b BIBEDU  |d 2019-11-21  |i 4144678  |o 001.42 SHA 2003  |p 4144678  |r 2019-11-21  |w 2019-11-21  |y BK  |k EDU